NLSUI OPAC header image

Law and practice on minimum wages : A commentary on minimum wages act, 1948 (Record no. 22267)

MARC details
000 -LEADER
fixed length control field 00493nam a2200157Ia 4500
008 - FIXED-LENGTH DATA ELEMENTS--GENERAL INFORMATION
fixed length control field 160316s2005 xxu||||| |||| 00| 0 eng d
082 ## - DEWEY DECIMAL CLASSIFICATION NUMBER
Classification number 344.012300
Item number RAO
100 ## - MAIN ENTRY--PERSONAL NAME
Personal name Rao S B
245 ## - TITLE STATEMENT
Title Law and practice on minimum wages : A commentary on minimum wages act, 1948
250 ## - EDITION STATEMENT
Edition statement 2nd rev
260 ## - PUBLICATION, DISTRIBUTION, ETC.
Place of publication, distribution, etc. Allahabad
Name of publisher, distributor, etc. Law Publishing House
Date of publication, distribution, etc. 2005
300 ## - PHYSICAL DESCRIPTION
Extent 258p
Other physical details
Dimensions xiv
365 ## - TRADE PRICE
Price amount Rs.300
650 ## - SUBJECT ADDED ENTRY--TOPICAL TERM
Topical term or geographic name entry element 1. Labour Law - Minimum Wages<br/>2. Minimum Wages Act, 1948 - Commentary
700 ## - ADDED ENTRY--PERSONAL NAME
Personal name
--
Holdings
Withdrawn status Lost status Damaged status Not for loan Home library Current library Shelving location Date acquired Cost, normal purchase price Total Checkouts Full call number Barcode Date last seen Price effective from Koha item type
        . .   30.05.2017 300.00   344.0123 RAO 20279 03.01.2020 30.05.2017 BOOKs